| 000 | 00329nam a22001217a 4500 | ||
|---|---|---|---|
| 008 | 180518b xxu||||| |||| 00| 0 eng d | ||
| 041 | _aeng | ||
| 080 | _a043.3 | ||
| 100 | _a0 | ||
| 101 | _aMBE-MTH | ||
| 245 |
_aKrijimi i Ambientit për tërheqjen e investimeve në nivel lokal "Komuna e Kamenicës" _cThaqi,L |
||
| 942 |
_2udc _cBK |
||
| 999 |
_c45931 _d45931 |
||